000 01020cam a2200241 i 4500
005 20260203093756.0
008 250721s2007 jo gr 000 0 ara d
020 _a9957062859
082 1 4 _a371.912
_bي و س
100 1 _aيوسف، عصام نمر
_eمؤلف.
245 1 2 _aالإعاقة السمعية :
_bدليل عملي علمي للآباء والمربين مقدمة في الإعاقة السمعية واضطرابات التواصل /
_cمؤلف دكتور عصام نمر يوسف؛ تقديم دكتور أحمد سعيد درباس.
250 _aالطبعة الأولى.
264 3 1 _aعمان :
_bدار المسيرة للنشر والتوزيع،
_c2007.
300 _a224 صفحة.
650 1 7 _aالإعاقة.
650 1 7 _aالصمم.
650 1 7 _aالخدمات الإجتماعية.
650 1 7 _aالمعوقون.
650 1 7 _aالتربية.
700 1 _aدرباس، أحمد سعيد
_eمقدم.
942 _2ddc
_cBK
999 _c105441
_d105441